000 00432nam a22001697a 4500
005 20180718155741.0
008 160524b xxu||||| |||| 00| 0 eng d
020 _a81-86234-29-2
041 _aeng
082 _b4703
100 _aRajwade, A.V.
_91168
245 _aForeign Exchange International Finance risk Management
260 _aNew Delhi
_bAcademic Faundation
300 _a597
650 _aManagement
_9241
942 _cBK
999 _c1585
_d1584